Umorovanie obligácií

Zostavovanie umorovacieho plánu na splácanie pôžičky cez obligácie a jeho programové spracovanie v systéme EXCEL

Guardado en:
Detalles Bibliográficos
Autor principal: Huťka, Vladimír
Otros Autores: Peller, František
Formato: Capítulo de libro
Lenguaje:eslovaco
Materias:
Etiquetas: Agregar Etiqueta
Sin Etiquetas, Sea el primero en etiquetar este registro!

MARC

LEADER 00000naa a2200000 4500
001 r037673
005 20230918080425.0
041 0 |a slo 
044 |a SK 
245 1 0 |a Umorovanie obligácií  |c Vladimír Huťka, František Peller 
520 |a Zostavovanie umorovacieho plánu na splácanie pôžičky cez obligácie a jeho programové spracovanie v systéme EXCEL 
610 2 0 |a obligácie 
610 2 0 |a dlžníci 
610 2 0 |a pôžičky 
610 2 0 |a úrok 
610 2 0 |a veritelia 
610 2 0 |a algoritmy 
610 2 0 |a programy počítačové 
100 1 |a Huťka, Vladimír 
700 1 |a Peller, František